[Event "Coupe Fede, phase departementale"]
[Site "?"]
[Date "2003.11.23"]
[Round "?"]
[White "Chaney, Sylvain"]
[Black "Guyot, Corentin"]
[Result "1-0"]
[WhiteElo "1499"]
[BlackElo "1099"]
[PlyCount "51"]

1. e4 e5 2. Bc4 Nf6 3. Qf3 Nc6 4. c3 d5 5. exd5 e4 6. Qe3 Bd6 7. dxc6 bxc6 8.
Ne2 Be5 9. O-O O-O 10. d4 Bd6 11. f4 Ng4 12. Qg3 Qf6 13. Nd2 Qh6 14. Nxe4 Be6
15. Bxe6 fxe6 16. Qxg4 Bxf4 17. Bxf4 g5 18. Bxg5 Qg6 19. Nf4 Qxe4 20. Be7+ Kf7
21. Bxf8 Kxf8 22. Nxe6+ Ke8 23. Rae1 Qc2 24. Nxc7+ Kd8 25. Nxa8 Qxb2 26. Rf8#
1-0

[Event "Coupe Fede, phase departementale"]
[Site "?"]
[Date "2003.11.23"]
[Round "?"]
[White "Janisset, Franck"]
[Black "Veyrat, Gerard"]
[Result "0-1"]
[WhiteElo "1099"]
[BlackElo "1150"]
[PlyCount "104"]

1. e4 e5 2. Nf3 Nc6 3. Nc3 d6 4. d4 Qe7 5. Bg5 Nf6 6. dxe5 dxe5 7. Nd5 Qd7 8.
Nxe5 Nxe5 9. Bxf6 gxf6 10. Nxf6+ Ke7 11. Nxd7 Bxd7 12. Qd4 Bg7 13. Be2 Rhd8 14.
O-O Be6 15. Qb4+ Ke8 16. Qxb7 c6 17. Qb4 Rdb8 18. Qd4 Kf8 19. Qc5+ Kg8 20. Rad1
Nd7 21. Qxc6 Rc8 22. Qb7 Nc5 23. Qb5 Nxe4 24. f3 Nc5 25. Rd6 Rab8 26. Rb6 axb6
27. g4 Nd7 28. Qh5 Rxc2 29. Rb1 Rxe2 30. Kf1 Re5 31. Qh4 Bxa2 32. Ra1 Ra5 33.
Qg3 Bc4+ 34. Kg1 Rxa1+ 35. Kg2 Be5 36. f4 Bxb2 37. f5 Ra2 38. g5 Be5+ 39. Qf2
Rxf2+ 40. Kxf2 f6 41. gxf6 Bxf6 42. h4 Re8 43. Kg3 Ne5 44. h5 b5 45. h6 Nd3 46.
Kh3 b4 47. Kg4 b3 48. Kh5 b2 49. Kg4 b1=Q 50. Kh5 Qh1+ 51. Kg4 Re4+ 52. Kg3
Be5# 0-1

[Event "Coupe Fede, phase departementale"]
[Site "?"]
[Date "2003.11.23"]
[Round "?"]
[White "Arnaud, Jean-Laurent"]
[Black "Doucet, Medhi"]
[Result "0-1"]
[WhiteElo "1640"]
[BlackElo "1510"]
[PlyCount "60"]

1. e4 e5 2. f4 exf4 3. Nf3 d6 4. d4 Nf6 5. Nc3 Bg4 6. Bxf4 Nc6 7. Bc4 Bxf3 8.
gxf3 Nh5 9. Be3 Qf6 10. Nd5 Qd8 11. Qd2 Be7 12. O-O-O h6 13. Qe2 Na5 14. Bd3
Nf6 15. Qd2 Nc6 16. c3 Qd7 17. Rhe1 O-O 18. Bc2 Rfe8 19. Qd3 g6 20. Bf4 h5 21.
Bg5 Nxd5 22. exd5 Bxg5+ 23. Kb1 Ne7 24. Rg1 Bh6 25. c4 Kh7 26. Rde1 Qf5 27. Re4
Ng8 28. Rxe8 Qxd3 29. Re4 Qxf3 30. Rh4 Qf2 0-1

[Event "Coupe Fede, phase departementale"]
[Site "?"]
[Date "2003.11.23"]
[Round "?"]
[White "Conesa, Antoine"]
[Black "Carteron, Olivier"]
[Result "0-1"]
[WhiteElo "1370"]
[BlackElo "1570"]
[PlyCount "86"]

1. e4 e6 2. Nf3 d5 3. e5 c5 4. d4 cxd4 5. Nxd4 Nc6 6. Bf4 Qb6 7. Nxc6 bxc6 8.
b3 Ba6 9. Bd3 Qd4 10. Nd2 Bxd3 11. Be3 Qxe5 12. Nf3 Bb4+ 13. Nd2 Ba6 14. f4 Qd6
15. Rc1 Nf6 16. c3 Bc5 17. Bd4 Bxd4 18. cxd4 O-O 19. Qf3 Rfc8 20. b4 Qxb4 21.
Qc3 Qxc3 22. Rxc3 Ne4 23. Nxe4 dxe4 24. a4 Rab8 25. Kf2 Rb4 26. a5 Rxd4 27.
Rhc1 Rd6 28. g4 Bd3 29. Ke3 a6 30. Rc5 f6 31. h4 Kf7 32. R1c3 g6 33. g5 f5 34.
Rb3 Bb5 35. Rcc3 Rd3+ 36. Rxd3 exd3 37. Rb2 c5 38. Kd2 c4 39. Rb4 c3+ 40. Kc1
d2+ 41. Kc2 Bd3+ 42. Kd1 c2+ 43. Kxd2 c1=Q+ 0-1

[Event "Coupe Fede, phase departementale"]
[Site "?"]
[Date "2003.11.23"]
[Round "?"]
[White "Barnes, Pierrick"]
[Black "Trottet, Francois"]
[Result "1-0"]
[WhiteElo "1500"]
[BlackElo "1500"]
[PlyCount "73"]

1. e4 c5 2. Nf3 d6 3. d4 cxd4 4. Nxd4 Nf6 5. Nc3 a6 6. Bg5 e6 7. Bc4 Be7 8. Bb3
O-O 9. O-O Nc6 10. Nxc6 bxc6 11. Qe2 Kh8 12. Rad1 Qc7 13. Rd3 c5 14. Bc4 Bb7
15. Bxf6 Bxf6 16. Rfd1 Bd4 17. Rh3 g6 18. Kh1 Be5 19. Rf1 Qd7 20. f4 Bxc3 21.
Rxc3 d5 22. exd5 exd5 23. Bd3 c4 24. Bxc4 dxc4 25. Rxc4 Qf5 26. Qe3 Be4 27.
Rxe4 Qb5 28. Qc3+ Kg8 29. Rfe1 Rac8 30. Qb3 Qc6 31. c3 Kg7 32. h3 Rb8 33. Qc2
Rfd8 34. b3 Rd7 35. c4 Rbd8 36. Qc3+ Kg8 37. Re8+ 1-0

[Event "Coupe Fede, phase departementale"]
[Site "?"]
[Date "2003.11.23"]
[Round "?"]
[White "Doucet, Henri"]
[Black "Doran, Niall"]
[Result "0-1"]
[WhiteElo "1499"]
[BlackElo "1510"]
[PlyCount "98"]

1. d4 Nf6 2. Nf3 g6 3. g3 Bg7 4. e3 O-O 5. Nc3 d6 6. Bg2 Nbd7 7. O-O Re8 8. Re1
e5 9. dxe5 Nxe5 10. Nxe5 Rxe5 11. Bf3 Rb8 12. Nd5 Nxd5 13. Bxd5 c6 14. Bg2 Be6
15. c3 Qd7 16. e4 Rd8 17. Be3 Rb5 18. Re2 b6 19. Rd2 Rh5 20. Bf4 Be5 21. Bf3
Bxf4 22. gxf4 Rh4 23. e5 d5 24. c4 Rxf4 25. cxd5 Bxd5 26. Bxd5 cxd5 27. Qf1
Rg4+ 28. Kh1 Qf5 29. Qd3 Qxe5 30. Qe3 Qxe3 31. fxe3 Re4 32. Re1 Rde8 33. Rde2
d4 34. Rd2 dxe3 35. Rde2 f5 36. Kg2 f4 37. Kf3 g5 38. Rg1 R4e5 39. h3 Kg7 40.
Rg4 Rd8 41. Re1 Rd2 42. Re2 Rxe2 43. Kxe2 Kf6 44. h4 h6 45. hxg5+ hxg5 46. Rg1
Kf5 47. Rc1 Rc5 48. Rxc5+ bxc5 49. Kf3 g4+ 0-1

[Event "Coupe Fede, phase departementale"]
[Site "?"]
[Date "2003.11.23"]
[Round "?"]
[White "Desassis, Gregoire"]
[Black "Pareux, Marc"]
[Result "1-0"]
[WhiteElo "1260"]
[BlackElo "1570"]
[PlyCount "131"]

1. d4 g6 2. c4 Bg7 3. Bg5 d6 4. Nc3 c6 5. e4 Qa5 6. Bf4 Nd7 7. Nf3 c5 8. Qd2
cxd4 9. Nxd4 e5 10. Nd5 Qxd2+ 11. Bxd2 exd4 12. Nc7+ Kd8 13. Nxa8 b6 14. Bd3
Bb7 15. Nxb6 axb6 16. O-O Nc5 17. Bc2 Nxe4 18. Bxe4 Bxe4 19. Rfd1 Ne7 20. f3
Bc6 21. Bb4 Kd7 22. Ba3 Nf5 23. b4 Re8 24. c5 dxc5 25. bxc5 b5 26. Bb2 Re2 27.
Rab1 Bd5 28. Ba1 Bc4 29. a4 Kc6 30. axb5+ Bxb5 31. Rb4 Ne3 32. Rdb1 Nc2 33.
Rxb5 Re1+ 34. Kf2 Rxb1 35. Rxb1 Nxa1 36. Rxa1 d3 37. Rd1 Bd4+ 38. Kf1 Kxc5 39.
Rxd3 f6 40. f4 Kc4 41. Rh3 Bc5 42. Ke2 h5 43. Rg3 Bd6 44. Rxg6 Bxf4 45. Rxf6
Bxh2 46. Rh6 Kd4 47. Rxh5 Bg3 48. Rf5 Ke4 49. Rf7 Be5 50. g4 Bd4 51. g5 Ke5 52.
g6 Ke6 53. Rf4 Bg7 54. Kd3 Ke5 55. Rf1 Ke6 56. Kc4 Ke5 57. Kc5 Ke6 58. Kc6 Ke7
59. Kc7 Be5+ 60. Kc8 Bg7 61. Kc7 Be5+ 62. Kc6 Bg7 63. Kd5 Bh6 64. Rf7+ Ke8 65.
Ke6 Bf8 66. g7 1-0

[Event "Coupe Fede, phase departementale"]
[Site "?"]
[Date "2003.11.23"]
[Round "?"]
[White "Simon, Joel"]
[Black "Desassis, Maxence"]
[Result "0-1"]
[WhiteElo "1630"]
[BlackElo "1290"]
[PlyCount "100"]

1. d4 d5 2. e4 Nc6 3. e5 f6 4. f4 Bf5 5. Nf3 h6 6. c3 e6 7. Bd3 Bxd3 8. Qxd3 g5
9. fxg5 hxg5 10. Qg6+ Kd7 11. Qf7+ Kc8 12. Qxe6+ Qd7 13. Qxd7+ Kxd7 14. exf6
Re8+ 15. Kf2 Nxf6 16. h3 g4 17. Nfd2 Bh6 18. Re1 Bxd2 19. Nxd2 Rxe1 20. Kxe1
gxh3 21. gxh3 Rxh3 22. Nb3 b6 23. Bf4 Rh1+ 24. Ke2 Rxa1 25. Nxa1 Nh5 26. Bh2
Na5 27. b3 c5 28. dxc5 bxc5 29. Nc2 c4 30. b4 Nc6 31. b5 Na5 32. Nd4 Nf6 33.
Kd2 Ne4+ 34. Kc2 Kc8 35. Bg1 Kb7 36. a4 a6 37. Be3 Nc5 38. Nf5 Nxa4 39. Nd6+
Ka8 40. b6 Kb8 41. Nf5 Kb7 42. Ne7 Nxb6 43. Bxb6 Kxb6 44. Nxd5+ Kc5 45. Nb4 Kb5
46. Nd5 Nb3 47. Kb2 a5 48. Ne3 a4 49. Ka3 Nc5 50. Kb2 Nd3+ 0-1

[Event "Coupe Fede, phase departementale"]
[Site "?"]
[Date "2003.11.23"]
[Round "?"]
[White "Guyot, Corentin"]
[Black "Vaughan, Luiz"]
[Result "0-1"]
[WhiteElo "1099"]
[BlackElo "1499"]
[PlyCount "76"]

1. e4 d6 2. Nf3 h6 3. Nc3 e5 4. d4 Bg4 5. Bb5+ c6 6. Bc4 Nd7 7. O-O Ngf6 8. Re1
exd4 9. Qxd4 Bxf3 10. gxf3 Ne5 11. Re3 Qd7 12. f4 Neg4 13. Re2 h5 14. f5 Ne5
15. Bg5 Nf3+ 16. Kg2 Nxd4 17. Rd2 b5 18. Bd3 c5 19. a4 c4 20. Be2 Nxe2 21. Rxe2
a6 22. e5 dxe5 23. Rxe5+ Be7 24. Rae1 O-O 25. axb5 Bd6 26. R5e3 Qxf5 27. Bh4
Ng4 28. f3 Nxe3+ 29. Rxe3 Qf4 30. Nd1 Qxh2+ 31. Kf1 Qxh4 32. b3 Rae8 33. bxc4
Rxe3 34. Nxe3 Qh3+ 35. Ke1 Bb4+ 36. Kd1 Qxf3+ 37. Kc1 Qxe3+ 38. Kd1 Rd8# 0-1

[Event "Coupe Fede, phase departementale"]
[Site "?"]
[Date "2003.11.23"]
[Round "?"]
[White "Renoud, Loic"]
[Black "Janisset, Franck"]
[Result "1-0"]
[WhiteElo "1499"]
[BlackElo "1099"]
[PlyCount "45"]

1. e4 e5 2. Nf3 Nc6 3. d4 Nf6 4. Nc3 d5 5. dxe5 Nxe4 6. Nxd5 Bg4 7. h3 Bf5 8.
Bf4 Bc5 9. Ne3 O-O 10. Bd3 g5 11. Bxg5 Nxg5 12. Bxf5 Bb4+ 13. c3 Bc5 14. O-O
Nxf3+ 15. Qxf3 Nxe5 16. Qg3+ Kh8 17. Qxe5+ Kg8 18. Qxc5 b6 19. Qe5 Rc8 20. Qg3+
Kh8 21. Qf4 Qd2 22. Qh6 Qe2 23. Qxh7# 1-0

[Event "Coupe Fede, phase departementale"]
[Site "?"]
[Date "2003.11.23"]
[Round "?"]
[White "Delabre, Jerome"]
[Black "Gaillard, Pierre"]
[Result "0-1"]
[WhiteElo "1200"]
[BlackElo "1690"]
[PlyCount "94"]

1. d4 Nf6 2. c4 g6 3. Nf3 Bg7 4. g3 O-O 5. Bg2 d6 6. O-O Nbd7 7. Nc3 c6 8. Re1
e5 9. dxe5 Nxe5 10. Bf4 Nh5 11. Bxe5 dxe5 12. e4 Be6 13. b3 Qa5 14. Qc2 Rad8
15. Red1 a6 16. Ne1 f5 17. Nd3 Rd7 18. Na4 Rfd8 19. Nac5 Re7 20. Qe2 f4 21. b4
Qc7 22. Nxe6 Rxe6 23. Nc5 Red6 24. Rxd6 Rxd6 25. Bf3 fxg3 26. fxg3 Nf6 27. Rf1
a5 28. a3 b6 29. Nd3 Qd7 30. Nxe5 Qe7 31. Ng4 Nxg4 32. Bxg4 axb4 33. axb4 Bc3
34. b5 Rd2 35. Qf3 Bd4+ 36. Kh1 cxb5 37. cxb5 Rb2 38. Qd3 Bf6 39. Qd5+ Kg7 40.
Bd7 Rb4 41. Bc6 Qe5 42. Qxe5 Bxe5 43. Rd1 Rd4 44. Ra1 Rd2 45. Ra7+ Kh6 46. Re7
Bd4 47. e5 g5 0-1

[Event "Coupe Fede, phase departementale"]
[Site "?"]
[Date "2003.11.23"]
[Round "?"]
[White "Montroussier, Jacques"]
[Black "Benchegra, Mohamed"]
[Result "0-1"]
[WhiteElo "1560"]
[BlackElo "1499"]
[PlyCount "90"]

1. e4 d5 2. exd5 Qxd5 3. d4 Bf5 4. c4 Qd8 5. Nc3 e6 6. Bf4 c6 7. h3 Nf6 8. Nf3
h6 9. Qb3 b6 10. O-O-O Bd6 11. Bxd6 Qxd6 12. d5 cxd5 13. cxd5 O-O 14. dxe6 Qf4+
15. Rd2 Bxe6 16. Qc2 Nbd7 17. Nd4 Bxa2 18. Nxa2 Rac8 19. Nc3 Rc5 20. g3 Qe5 21.
Nf3 Qe6 22. Bg2 Rfc8 23. Re1 Qc6 24. Nh4 Qc7 25. Nf5 Kf8 26. Qb3 Rxf5 27. Red1
Nc5 28. Qc2 Re5 29. f4 Re3 30. Kb1 a6 31. Nd5 Nxd5 32. Bxd5 Rce8 33. Qh7 Rxg3
34. Qh8+ Ke7 35. Re2+ Ne6 36. Qh7 Qxf4 37. Qc2 Re3 38. Bxe6 Rxe6 39. Red2 g6
40. Rd7+ Kf8 41. Rg1 Re1+ 42. Rxe1 Rxe1+ 43. Ka2 Qf6 44. Qc8+ Re8 45. Qxa6 Qe6+
0-1

[Event "Coupe Fede, phase departementale"]
[Site "?"]
[Date "2003.11.23"]
[Round "?"]
[White "Gregoire, Patrick"]
[Black "Megnot, Philippe"]
[Result "1-0"]
[WhiteElo "1499"]
[BlackElo "1150"]
[PlyCount "69"]

1. e4 d5 2. Bd3 d4 3. Bc4 e5 4. d3 Nf6 5. h3 Be7 6. c3 c5 7. Nf3 Nbd7 8. a3 O-O
9. Nbd2 Bd6 10. b4 b6 11. Nh4 Nb8 12. Ndf3 h6 13. Nf5 Bxf5 14. exf5 Re8 15. Nh4
e4 16. O-O e3 17. fxe3 Rxe3 18. Bxe3 dxe3 19. Qf3 Nh7 20. Bd5 Qxh4 21. Bxa8 Bg3
22. Qxe3 Ng5 23. Rf3 Nxf3+ 24. Qxf3 Nd7 25. Qg4 Bf2+ 26. Kh1 Qe7 27. Rf1 Ne5
28. Qe4 Bg3 29. d4 cxd4 30. cxd4 Nc6 31. Bxc6 Qd6 32. Bd5 a6 33. Qe8+ Kh7 34.
Qxf7 Bh4 35. Qg8# 1-0

[Event "Coupe Fede, phase departementale"]
[Site "?"]
[Date "2003.11.23"]
[Round "?"]
[White "Chabas, Jean-Luc"]
[Black "Gidon, Rene"]
[Result "1-0"]
[WhiteElo "1610"]
[BlackElo "1560"]
[PlyCount "59"]

1. e4 e5 2. Nf3 Nc6 3. Bb5 a6 4. Ba4 Nf6 5. O-O b5 6. Bb3 Be7 7. Re1 O-O 8. c3
d6 9. h3 Be6 10. Bc2 Nb8 11. d4 exd4 12. cxd4 c6 13. Bg5 Nfd7 14. Bxe7 Qxe7 15.
Qd3 Bc4 16. Qe3 Nf6 17. Nbd2 Be6 18. b3 Qd7 19. Ng5 h6 20. Nxe6 fxe6 21. Qg3
Qe7 22. Rac1 Nbd7 23. Bd3 Rac8 24. Qe3 e5 25. dxe5 Nxe5 26. Nf3 Nxd3 27. Qxd3
Rfd8 28. Nh4 Qf7 29. Rcd1 c5 30. Nf5 1-0

[Event "Coupe Fede, phase departementale"]
[Site "?"]
[Date "2003.11.23"]
[Round "?"]
[White "Soriano, Salvador"]
[Black "Barthelemy, Jerome"]
[Result "0-1"]
[WhiteElo "1499"]
[BlackElo "1450"]
[PlyCount "60"]

1. d4 d5 2. c4 e6 3. Nc3 Nf6 4. Bf4 a6 5. Nf3 Bd6 6. e3 Bxf4 7. exf4 O-O 8. Bd3
b6 9. Ne5 Bb7 10. O-O Nbd7 11. Qf3 Rb8 12. f5 dxc4 13. Be4 Nxe4 14. Nxe4 Nf6
15. Nxf6+ gxf6 16. Qg3+ Kh8 17. Ng4 Rg8 18. Qh4 b5 19. Rfe1 Qxd4 20. h3 exf5
21. Rad1 Qxb2 22. Qxf6+ Qxf6 23. Nxf6 Rxg2+ 24. Kf1 Rh2 25. Re3 f4 26. Re8+
Rxe8 27. Nxe8 Rh1+ 28. Ke2 Bf3+ 29. Kxf3 Rxd1 30. Nxc7 c3 0-1

[Event "Coupe Fede, phase departementale"]
[Site "?"]
[Date "2003.11.23"]
[Round "?"]
[White "Desassis, Jean-Francois"]
[Black "Chaney, Sylvain"]
[Result "1-0"]
[WhiteElo "1300"]
[BlackElo "1499"]
[PlyCount "45"]

1. d4 e6 2. e4 c5 3. c3 cxd4 4. cxd4 Bb4+ 5. Nc3 Nc6 6. Nf3 Qb6 7. a3 Be7 8. b4
d6 9. Be3 Qc7 10. Bb5 Bd7 11. Qd2 O-O-O 12. O-O Nf6 13. d5 exd5 14. exd5 Ne5
15. Rfc1 Kb8 16. Bxd7 Qxd7 17. Nd4 a6 18. b5 Nc4 19. Qd3 Ne5 20. Qb1 a5 21.
Nc6+ bxc6 22. bxc6+ Kc7 23. Qb7# 1-0

[Event "Coupe Fede, phase departementale"]
[Site "?"]
[Date "2003.11.23"]
[Round "?"]
[White "Veyrat, Gerard"]
[Black "Mialon, Franck"]
[Result "1-0"]
[WhiteElo "1150"]
[BlackElo "1300"]
[PlyCount "79"]

1. d4 f5 2. c4 Nf6 3. f3 e6 4. e3 Be7 5. Bd3 O-O 6. Nc3 Nc6 7. a3 d5 8. c5 b6
9. b4 a5 10. b5 Na7 11. a4 bxc5 12. Ba3 cxd4 13. Bxe7 Qxe7 14. exd4 Qb4 15.
Nge2 c5 16. dxc5 d4 17. Rb1 Qxc5 18. Na2 e5 19. Rc1 Qd5 20. Bc4 Qxc4 21. Rxc4
Be6 22. Rc7 Bxa2 23. Qc2 Bf7 24. Qxf5 d3 25. Qxd3 Rad8 26. Qf5 e4 27. O-O e3
28. Ng3 Rd2 29. Re1 Rfd8 30. Rcc1 h5 31. h4 Bb3 32. Qb1 Bxa4 33. Qa1 Bxb5 34.
Qxa5 e2 35. Nxe2 Bxe2 36. Rxe2 Rxe2 37. Qxd8+ Kf7 38. Rc7+ Ke6 39. Rxa7 Nd5 40.
Qe8+ 1-0